Karrierestationen von Fußballern - Statistiken

Allgemein
  • Dieses Quiz wurde 162 mal gespielt
  • Das Durchschnittsergebnis liegt bei 8 aus 15
Antwortstatistiken
Vereinspfad Spieler % Korrekt
Bayern München, Borussia Dortmund, Bayern München, Borussia Dortmund, AS Rom Mats Hummels
97%
VfB Stuttgart, RB Leipzig, FC Chelsea, RB Leipzig, Tottenham Hotspur Timo Werner
97%
FC Barcelona, Paris Saint-Germain, Inter Miami Lionel Messi
92%
FC Sevilla, Real Madrid, Paris Saint-Germain, FC Sevilla Sergio Ramos
79%
FC Barcelona, Vissel Kobe, Emirates Club Andrés Iniesta
78%
Envigado FC, Banfield, FC Porto, AS Monaco, Real Madrid, Bayern München, Real Madrid, FC Everton, Al-Rayyan, Olympiakos Piräus, FC São Paulo, Rayo Vallecano James Rodríguez
72%
VfL Wolfsburg Maximilian Arnold
51%
Ajax Amsterdam, FC Barcelona Frenkie de Jong
45%
Real Madrid, FC Porto Iker Casillas
45%
VfL Wolfsburg, FC St. Pauli, VfL Wolfsburg, VfB Stuttgart, VfL Wolfsburg, Eintracht Frankfurt Omar Marmoush
45%
Greuther Fürth, TSG Hoffenheim, RB Leipzig David Raum
38%
Atlético Madrid, Manchester United, AC Florenz David de Gea
25%
Bayern München, FC Kaiserslautern, Hertha BSC, Bayer 04 Leverkusen, Werder Bremen Mitchell Weiser
25%
KRC Genk, TSG Hoffenheim, VfL Wolfsburg, SV Werder Bremen, VfL Wolfsburg, Al-Qadsiah FC Koen Casteels
24%
FC Kaiserslautern, Rot-Weiss Essen, Hertha BSC, Werder Bremen, FC Bayern München, FC Kaiserslautern, Al-Rayyan Mario Basler
11%
Keine übereinstimmenden Quizze gefunden
Verteilung der Resultate
Anzahl Personen mit jedem Resultat
Perzentil nach korrekt beantworteten Fragen
Ihre Resultats-Entwicklung
Sie haben dieses Quiz noch nicht gespielt